| 000 | 00712nam a22002417a 4500 | ||
|---|---|---|---|
| 999 |
_c33782 _d33782 |
||
| 001 | 3074 | ||
| 003 | CO-MdFUSB | ||
| 005 | 20180622073130.0 | ||
| 008 | 180502t1985 sp ||||| |||| 00| 0 spa d | ||
| 020 | _a84-7228-971-0 | ||
| 040 |
_aCO-MdFUSB _bspa _cCO-MdFUSB _dCO-MdFUSBC _erda |
||
| 041 | 0 | _aspa | |
| 082 | 0 | 4 | _aG 228.1 S5861a |
| 100 | 1 |
_aSilva, Kittim _eautor |
|
| 245 | 0 |
_aApocalipsis, la revelación de Jesucristo _c/ Kittim Silva |
|
| 264 | 4 |
_aTerrassa, Barcelona, España : _b CLIE, _c©1985 |
|
| 300 | _a368 Pag | ||
| 336 |
_2rdacontent _atexto _btxt |
||
| 337 |
_2rdamedia _asin mediación _bn |
||
| 338 |
_2rdacarrier _avolumen _bnc |
||
| 653 | _aBiblia N.T. - Apocalipsis - Comentarios | ||
| 942 | _cBK | ||